000
00292nam a2200097Ia 4500
082
_a
823.0108968|KASC
245
0
_a
Displaced : twelve short stories
100
_a
KASCHULA, Russell Pretoria, South Africa, 2013
_9
70267
942
_c
BK
008
210817s9999 xx 000 0 und d
999
_c
227622
_d
227621